Statistiken für Deutsche Songs - schlecht beschrieben Teil 2

Klicken Sie hier um das Quiz zu spielen!

Allgemein

  • Dieses Quiz wurde 1.191 mal gespielt
    (1.072 seit der letzten Aktualisierung)
  • Das Durchschnittsergebnis liegt bei 8 aus 15

Antwortstatistiken

HinweisAntwort% Korrekt
Typ fragt Frau, ob sie mit ihm bewusstseinsverändernde Dinge konsumiert.Willst du - Alligatoah
88%
Antwort auf Wo? Wo? Wo?Da da da - Trio
77%
Sohn wird von Eltern für sein Verhalten, Aussehen und Arbeitslosigkeit geshamedJunge - Die Ärzte
73%
Frau wird mit dem Namen eines Werkzeuges beschriebenHamma! - Culcha Candela
69%
Mann muss sich erst um den Planeten und seine Mails kümmernNur noch kurz die Welt retten - Tim Bendzko
69%
Verschiedene Feststoffe können kaputt gehen aber die romantische Beziehung zweier Personen nicht.Marmor, Stein und Eisen bricht - Drafi Deutscher
66%
Jemand hat fliegende Transportmittel im AbdomenFlugzeuge im Bauch - Herbert Grönemeyer
53%
Aufzählung über Dinge die gemacht werden würden, wenn derjenige ein royaler Herrscher über die BRD wäreKönig von Deutschland - Rio Reiser
52%
Gebäude Gruppierung in einer Stadt gehört einem TypenMein Block - Sido
50%
Es wird gefragt warum man in das Reich des Teufels geschickt wird.Wahnsinn - Wolfgang Petry
44%
Maskenmann singt über die Beziehung zu einer Frau und ersetzt sehr viele Worte durch ein englisches. Auch den Namen der FrauEasy - Cro
38%
Ein recht junges Mädchen wird entführtJeanny - Falco
32%
Person wird als Exkrement empfundenIch find' dich Scheiße - Tic Tac Toe
30%
Kerl verabschiedet sich für immerAu revoir - Mark Forster ft. Sido
29%
Frau schiebt die weißen Wattebäuschen am Himmel zur Seite damit der Himmel im dunklen betrachtet werden kannFür dich - Yvonne Catterfeld
17%

Verteilung der Resultate

Perzentil nach korrekt beantworteten Fragen

Anzahl Personen mit jedem Resultat

Ihre Resultats-Entwicklung

Sie haben dieses Quiz seit der letzten Aktualisierung nicht gespielt